Biblioteca

Buenos días, tristeza / Françoise Sagan; Noel Clarasó, Traductor (Registro nro. 40333)

Detalles MARC
000 -LÍDER
Campo fijo de descripción fija 003410000a22001330004500
041 0# - CÓDIGO DE IDIOMA
Código de idioma para texto/pista de sonido o título separado
082 04 - NÚMERO DE CLASIFICACIÓN DECIMAL DEWEY
Número de clasificación G 843 S1291b
001 - NÚMERO DE CONTROL
Campo de control 10942
100 1# - ASIENTO PRINCIPAL--NOMBRE PERSONAL
Nombre personal Sagan, Françoise
245 10 - TÍTULO
Título del Material Buenos días, tristeza / Françoise Sagan; Noel Clarasó, Traductor
260 ## - PUBLICACIÓN, DISTRIBUCIÓN, ETC. (PIE DE IMPRENTA)
Lugar de publicación, distribución, etc. Barcelona, España : Círculo de Lectores
300 ## - DESCRIPCIÓN FÍSICA
Extensión 136 Pag
942 ## - TIPO DE MATERIAL (KOHA)
Tipo de Item KOHA Libros General
Existencias
Estado de Material Estado de Perdido Estado de Dañado No para Préstamo Colección Tomo Biblioteca de Origen Biblioteca Permanente Fecha de Adquisición Total de Préstamos Signatura Topográfica Código de Barras Última vez visto Ejemplar/Existencia Fecha de Remplazo Tipo de Material
        Colección General   Biblioteca FUSBC Biblioteca FUSBC 25/01/2005   G 843 S1291b 10156 12/12/2019 1 26/01/2016 Libros General

Biblioteca FUSBC | Teléfono: (57+4) 349 88 10 Ext. 141| WhatsApp (+57) 3005338115 
E-mail: biblioteca@unisbc.edu.co | Calle 76 87-14 Robledo Palenque, Medellín, Colombia

Con tecnología Koha